000 00911nam a2200265 a 4500
001 000012272
003 DO-SdBNP
005 20250630104809.0
008 091110s1998 dr a 000 f spa d
020 _a8484002357
040 _aDO-SdBNP
_bspa
_cBNPHU
082 4 _aRD863.44
_bD668c, 1998
100 1 _aDomenech Soto, Elba
_924921
245 1 0 _aConflicto en el paraíso de los dioses :
_bnovela /
_cElba Domenech Soto ; prólogo Eulalio Fernández.
250 _a2a. ed.
260 _aSanto Domingo :
_bBúho,
_c1998.
300 _a165 p. :
_bil. ;
_c20 cm.
590 _aInventariado, 2020 /LP
650 1 4 _aNovela histórica dominicana.
_9860
650 0 _aLiteratura dominicana.
_967
651 1 0 _aREPÚBLICA DOMINICANA
_xHISTORIA
_yERA DE TRUJILLO, 1930-1961
_xNOVELA
_921999
700 1 _aFernández, Eulalio,
_eprólogo
_928920
910 _aValidado. Control de calidad MMOLINA
942 _2ddc
_cLBS1
999 _c11930
_d11930